00352nam a2200133Ia 4500003000900000008004100009040003300050041000800083080001600091100001700107245001900124260006000143300001500203LK-CoDNM010623t2012 xxu||||| |||| 00| 1 eng d aLK-CoDNMdLK-CoDNMeLK-CoDNM aeng a297/298 SHU aShukri,M.A.M aThe Mind's Eye bNaleemiah Institute Of Islamic ResearchaBeruwalac2012 b165, 21 cm